000 00856nam a2200253Ia 4500
003 OSt
005 20220923231012.0
006 a|||||r|||| 00| 0
007 ta
008 220922b |||||||| |||| 00| 0 pan d
020 _c350
024 _a353,408
037 _b1198, 02/03/2020, H.K. Prakashan
_cTextual
040 _aARTS
_cARTS
_bpan
041 _2pan
_apan
082 _aO153:g, Q9
100 _aਤੁੰਗ`, ਮੇਵਾ ਸਿੰਘ, ਂਚ.
245 0 _aਸਾਹਿਤਕ ਚਰਚਾ ਦੇ ਪੰਨੇ
260 _aਸਮਾਣਾ
_b ਸੰਗਮ ਪਬਲੀਕੇFਨਗ਼
_c2019
300 _a287ਪ੍ਰ0
_ccm.
650 _aਪੰਜਾਬੀ ਸਾਹਿਤ
942 _hO153:g, Q9
_cTEXL
_2CC
999 _c388720
_d388720